FIFA World Cup 2026 - European Playoffs - Statistics

General Stats
  • This quiz has been taken 27 times
  • The average score is 13 of 16
Answer Stats
Nation vs % Correct
Italy Northern Ireland
96%
Northern Ireland Italy
88%
Czech Republic Ireland
85%
Turkey Romania
85%
Sweden Ukraine
85%
Poland Albania
81%
Ireland Czech Republic
81%
Slovakia Kosovo
81%
Albania Poland
81%
Kosovo Slovakia
81%
Ukraine Sweden
81%
North Macedonia Denmark
77%
Romania Turkey
77%
Bosnia and Herzegovina Wales
77%
Denmark North Macedonia
73%
Wales Bosnia and Herzegovina
69%
No matching quizzes found
Score Distribution
Percent of People with Each Score
Percentile by Number Answered
Your Score History
You have not taken this quiz